|
|
|
|
| LEADER |
01054nam a2200277 i 4500 |
| 001 |
36727 |
| 003 |
BD-DhAAL |
| 005 |
20191125101411.0 |
| 008 |
191125t1976 caua 000 0 eng |
| 999 |
|
|
|c 41899
|d 41899
|
| 010 |
|
|
|a 75035004
|
| 020 |
|
|
|a 0876202628 :
|c $6.95
|
| 040 |
|
|
|a DLC
|c DLC
|d DLC
|d BD-DhAAL
|
| 050 |
0 |
0 |
|a HB71
|b .E26
|
| 082 |
0 |
0 |
|a 330
|2 23
|
| 245 |
0 |
0 |
|a Economic relevance :
|b a second look /
|c compiled by Robert L. Heilbroner and Arthur M. Ford.
|
| 260 |
|
|
|a Pacific Palisades, Calif. :
|b Goodyear Pub. Co.,
|c c1976.
|
| 300 |
|
|
|a xv, 320 pages ;
|c 23 cm.
|
| 526 |
|
|
|a ESS
|
| 541 |
|
|
|a Complimentary copy from Professor Dr. Nasreen Khundker.
|e 36727
|
| 650 |
|
0 |
|a Economics.
|9 37618
|
| 700 |
1 |
|
|a Heilbroner, Robert L.
|9 37619
|
| 700 |
1 |
|
|a Ford, Arthur M.
|9 37620
|
| 852 |
|
|
|a Ayesha Abed Library
|c General Stacks
|
| 942 |
|
|
|2 ddc
|c BK
|
| 952 |
|
|
|0 0
|1 0
|2 ddc
|4 0
|6 330_000000000000000_ECO
|7 0
|9 67283
|a BRACUL
|b BRACUL
|c GEN
|d 2019-11-25
|e Complimentary copy from Professor Dr. Nasreen Khundker.
|l 0
|o 330 ECO
|p 3010036727
|r 2019-11-25
|t 1
|w 2019-11-25
|y BK
|